COMPLEX VARIABLES AND APPLICATIONS (Record no. 9407)
[ view plain ]
| 000 -LEADER | |
|---|---|
| fixed length control field | 00486nam a22001697a 4500 |
| 003 - CONTROL NUMBER IDENTIFIER | |
| control field | SGT |
| 020 ## - INTERNATIONAL STANDARD BOOK NUMBER | |
| International Standard Book Number | 9789339205157 |
| 082 ## - DEWEY DECIMAL CLASSIFICATION NUMBER | |
| Classification number | 515.9,BRO |
| 100 ## - MAIN ENTRY--PERSONAL NAME | |
| Personal name | JAMES WARD BROWN |
| 245 ## - TITLE STATEMENT | |
| Title | COMPLEX VARIABLES AND APPLICATIONS |
| 250 ## - EDITION STATEMENT | |
| Edition statement | 8TH |
| 260 ## - PUBLICATION, DISTRIBUTION, ETC. (IMPRINT) | |
| Place of publication, distribution, etc | NEW DELHI |
| Name of publisher, distributor, etc | MC GRAW HILL EDUCATION |
| Year of Publication | 2015 |
| 300 ## - PAGE DESCRIPTION | |
| No. of Pages | 468 |
| 650 ## - SUBJECT ADDED ENTRY--TOPICAL TERM | |
| Topical term or geographic name as entry element | MATHEMATICS (FUNCTIONS OF COMPLEX VARIABLES) |
| 653 ## - KEYWORDS--INDEX TERM | |
| Keyword term | COMPLEX NUMBERS,ANALYTIC FUNCTIONS,ELEMENTARY FUNCTIONS, INTEGRALS, SERIES |
| 942 ## - ADDED ENTRY ELEMENTS (KOHA) | |
| Source of classification or shelving scheme | Dewey Decimal Classification |
| Koha item type | FPS Books |
| Withdrawn status | Lost status | Source of classification or shelving scheme | Damaged status | Not for loan | Collection code | Home library | Current library | Shelving location | Date acquired | Vendor Name | Cost, normal purchase price | SGTU | Bill Number | Total Checkouts | Full call number | Accession No. (Barcode) | Date last seen | Date last borrowed | Bill Date | Koha item type |
|---|---|---|---|---|---|---|---|---|---|---|---|---|---|---|---|---|---|---|---|---|
| Dewey Decimal Classification | Not For Loan | SCIENCE | SGT Science & Social Sciences Library | SGT Science & Social Sciences Library | Reference Book | 01/07/2016 | AHUJA BOOK | 599.00 | SGTU | 6687 | 2 | 515.9,BRO | PS1510 | 02/02/2018 | 27/01/2018 | 04/03/2016 | FPS Books |